| 000 | 01292 a2200289 4500 | ||
|---|---|---|---|
| 003 | Nust | ||
| 005 | 20170207154048.0 | ||
| 020 | _a0-415-40531-9 (hbk.) : | ||
| 020 | _a0-415-40532-7 (pbk.) : | ||
| 020 | _a978-0-415-40531-7 (hbk.) : | ||
| 020 | _a978-0-415-40532-4 (pbk.) : | ||
| 035 | _a(Uk)013779519 | ||
| 040 | _cNust | ||
| 082 | 0 | 4 | _a658.15094 |
| 100 | _aRuud A.I. van Frederikslust, James S. Ang, P.S. Sudarsanam | ||
| 245 | 0 | 0 |
_aCorporate governance and corporate finance (E-Book) _ba European perspective / _cRuud A.I. van Frederikslust, James S. Ang, P.S. Sudarsanam |
| 260 |
_aLondon : _bRoutledge, _c2007 |
||
| 300 | _a757 s. | ||
| 505 | _aPART 1: Alternative perspectives on corporate governance systems (Page-7) PART 2: Equity ownership structure and control (Page-133) PART 3: Corporate governance, underperformance and management turnover (Page-255) PART 4: Directors’ remuneration (Page-367) PART 5: Governance, performance and financial strategy (Page-487) PART 6: On takeover as disciplinary mechanism (Page-645) | ||
| 650 | 7 |
_aBolagsstyrning _zEuropa |
|
| 650 | 7 |
_aCorporate governance _zEurope |
|
| 650 | 7 |
_aCorporations _zEurope _xFinance |
|
| 651 | _a(E-Book) | ||
| 700 | 1 | _aAng, James S | |
| 700 | 1 | _aSudarsanam, P. S | |
| 700 | 1 | _aVan Frederikslust, R. A. I | |
| 942 |
_2ddc _cBK |
||
| 999 |
_c192985 _d192985 |
||